000 00888nam a22002057a 4500
005 20180328104836.0
010 _a1718EN-30 ENG-122427
020 _a9789351872818
_c729.00
035 _aB-684570-594 EN-105959
037 _bUnique
_adpl
037 _bDBAD/PUB.
082 _a510
245 _aA complete resource manual M.Sc. mathematics :
_cedited by Suraj Singh [and] Rashmi Gupta
_b entrance examination for all Indian universities and other competitive examinations /
260 _aNew Delhi
_bUnique Publ
_c2017
270 _aM-51, Lajpat Nagar-II,
_bNew Delhi
_e110024
300 _a868p.
_c25cm(pbk)
700 _aRashmi Gupta
942 _2ddc
_cEN
_mCOM
_h510
999 _c145890
_d145890